ARRUPE JESUIT UNIVERSITY

CORONAVIRUS -STOP THE SPREAD - CLEAN,DISINFECT,COVER

The CFA franc zone : (Record no. 127795)

MARC details
000 -LEADER
fixed length control field 03551cam a2200361 a 4500
001 - CONTROL NUMBER
control field 15346572
003 - CONTROL NUMBER IDENTIFIER
control field ARRUPE
005 - DATE AND TIME OF LATEST TRANSACTION
control field 20180326115841.0
008 - FIXED-LENGTH DATA ELEMENTS--GENERAL INFORMATION
fixed length control field 080627s2008 dcuab b i000 0 eng d
010 ## - LIBRARY OF CONGRESS CONTROL NUMBER
LC control number 2008299654
020 ## - INTERNATIONAL STANDARD BOOK NUMBER
International Standard Book Number 1589066758
020 ## - INTERNATIONAL STANDARD BOOK NUMBER
International Standard Book Number 9781589066755
035 ## - SYSTEM CONTROL NUMBER
System control number (OCoLC)ocn183914615
040 ## - CATALOGING SOURCE
Original cataloging agency YDXCP
Transcribing agency YDXCP
Modifying agency BAKER
-- DJB
-- OCLCQ
-- DLC
042 ## - AUTHENTICATION CODE
Authentication code lccopycat
043 ## - GEOGRAPHIC AREA CODE
Geographic area code fq-----
-- fw-----
050 00 - LIBRARY OF CONGRESS CALL NUMBER
Classification number HG3897.4
Item number .C434 2008
082 00 - DEWEY DECIMAL CLASSIFICATION NUMBER
Classification number 332.4/966
Edition number 22
300 ## - PHYSICAL DESCRIPTION
Dimensions 23 cm.
245 04 - TITLE STATEMENT
Title The CFA franc zone :
Remainder of title common currency, uncommon challenges /
Statement of responsibility, etc editors, Anne-Marie Gulde, Charalambos Tsangarides.
260 ## - PUBLICATION, DISTRIBUTION, ETC. (IMPRINT)
Place of publication, distribution, etc Washington,
Name of publisher, distributor, etc International Monetary Fund,
Date of publication, distribution, etc c2008.
300 ## - PHYSICAL DESCRIPTION
Extent xi, 397 p. :
504 ## - BIBLIOGRAPHY, ETC. NOTE
Bibliography, etc Includes bibliographical references.
505 00 - FORMATTED CONTENTS NOTE
Title Overview /
Statement of responsibility Anne-Marie Gulde --
Miscellaneous information pt. 1. Sustainability of macroeconomic policies --
Title Monetary policy in a currency union? : the case of CEMAC /
Statement of responsibility Corinne Deléchat, Gustavo Ramirez, and Romain Veyrune --
Title Long-run determinants of inflation in WAEMU /
Statement of responsibility Abdoulaye Diop, Gilles Dufrénot, and Gilles Sanon --
Title Fiscal reaction functions in the CFA franc Zone /
Statement of responsibility Oumuyiwa S. Adedeji and Oral Williams --
Title Reserve adequacy in the CFA franc zone /
Statement of responsibility Corinne Deléchat and Jan Kees Martijn --
Miscellaneous information pt. 2. Capacity to adjust to changes in external conditions --
Title Economic fundamentals and the CFA franc zone real exchange rates /
Statement of responsibility Yasser Abdih and Charalambos Tsangarides --
Title Competitiveness in the CFA franc zone /
Statement of responsibility Gustavo Ramirez and Charalambos Tsangarides --
Title What is fuzzy about clustering in West Africa? /
Statement of responsibility Mahvash Saeed Qureshi and Charalambos Tsangarides --
Miscellaneous information pt. 3. Integration and growth --
Title Financial sector integration in WAEMU /
Statement of responsibility Amadou Sy --
Title Banking sector integration and competition in CEMAC /
Statement of responsibility Samer Saab and Jérôme Vacher --
Title Growth and convergence in the CFA franc zone /
Statement of responsibility Catherine Pattillo, Charalambos Tsangarides, and Pierre van den Boogaerde --
Title Trade in CEMAC : developments and reform opportunities /
Statement of responsibility Jan Kees Martijn and Charalambos Tsangarides --
Title Trade in WAEMU : developments and reform opportunities /
Statement of responsibility Manuela Goretti and Hans Weisfeld.
520 3# - SUMMARY, ETC.
Summary, etc About one-third of countries covered by the IMF's African Department are members of the CFA franc zone. With most other countries moving away from fixed exchange rates, the issue of an adequate policy framework to ensure the sustainability of the CFA franc zone is clearly of interest to policymakers and academics. However, little academic research exists in the public domain. This book aims to fill this void, by bringing together work undertaken in the context of intensified regional surveillance, and highlighting the current challenges and the main policy requirements if the arrangements are to be carried forward. The book is based on empirical research by a broad group of IMF economists, with contributions from several outside experts.
650 #0 - SUBJECT ADDED ENTRY--TOPICAL TERM
Topical term or geographic name as entry element French franc area.
9 (RLIN) 41023
650 #0 - SUBJECT ADDED ENTRY--TOPICAL TERM
Topical term or geographic name as entry element Monetary unions
Geographic subdivision Africa, French-speaking.
9 (RLIN) 41024
651 #0 - SUBJECT ADDED ENTRY--GEOGRAPHIC NAME
Geographic name Africa, French-speaking
General subdivision Economic policy.
9 (RLIN) 41025
700 1# - ADDED ENTRY--PERSONAL NAME
Personal name Gulde, Anne-Marie.
9 (RLIN) 41026
700 1# - ADDED ENTRY--PERSONAL NAME
Personal name Tsangarides, Charalambos G.
9 (RLIN) 41027
710 2# - ADDED ENTRY--CORPORATE NAME
Corporate name or jurisdiction name as entry element International Monetary Fund.
9 (RLIN) 26656
856 42 - ELECTRONIC LOCATION AND ACCESS
Materials specified Abstract and table of contents ;
Public note in pdf format :
Uniform Resource Identifier <a href="http://www.imf.org/external/pubs/cat/longres.cfm?sk=21115.0">http://www.imf.org/external/pubs/cat/longres.cfm?sk=21115.0</a>
906 ## - LOCAL DATA ELEMENT F, LDF (RLIN)
a 7
b cbc
c copycat
d 2
e ncip
f 20
g y-gencatlg
942 ## - ADDED ENTRY ELEMENTS (KOHA)
Source of classification or shelving scheme Library of Congress Classification
Koha item type Monograph ( Printed materials)
Holdings
Withdrawn status Lost status Source of classification or shelving scheme Damaged status Not for loan Collection code Home library Current library Shelving location Date acquired Total Checkouts Full call number Barcode Date last seen Date checked out Price effective from Koha item type
    Library of Congress Classification     Main Collection ARRUPE LIBRARY ARRUPE LIBRARY Main Collection 26/03/2018 1 HG3897.4 .C434 2008 46600001876 06/02/2019 11/01/2019 26/03/2018 Monograph ( Printed materials)

 

Arrupe Library. PO Box MP320 Mt Pleasant, Harare, Zimbabwe
263 242 745411|librarian@aju.ac.zw